| 000 | 01168nam a22003257a 4500 | ||
|---|---|---|---|
| 001 | 200429389 | ||
| 003 | TR-AnTOB | ||
| 005 | 20241105165338.0 | ||
| 007 | ta | ||
| 008 | 180409s2017 tu 000 0 tur d | ||
| 040 |
_aTR-AnTOB _beng _erda _cTR-AnTOB _dTR-AnTOB |
||
| 041 | 0 | _atur | |
| 050 | 0 | 0 |
_aHD9710.T92 _bT67 2017 |
| 090 |
_aHD9710.T92 _bT67 2017 |
||
| 100 | 1 |
_aYıldırım, Töre _eauthor _9119628 |
|
| 245 | 1 | 0 |
_aTOSB : _bOtomotiv Yan Sanayi İhtisas Organize Sanayi Bölgesi : "Bir hedefin peşinde çeyrek asır" / _cTöre Yıldırım. |
| 246 | 3 | 0 | _aOtomotiv Yan Sanayi İhtisas Organize Sanayi Bölgesi |
| 250 | _a1. Baskı | ||
| 264 |
_a[Place of publication not identified] : _b[Publisher not identified], _c2017. |
||
| 300 |
_a195 pages : _billustrations ; _c29 cm. |
||
| 336 |
_atext _2rdacontent |
||
| 337 |
_aunmediated _2rdamedia |
||
| 338 |
_avolume _2rdacarrier |
||
| 504 | _aIncludes bibliographical references and index. | ||
| 610 | 2 |
_aTOSB _9119631 |
|
| 650 | 7 |
_aOtomobil endüstrisi ve ticareti _zTürkiye _2etuturkob _989889 |
|
| 650 | 0 |
_aAutomobile industry and trade _zTurkey _955881 |
|
| 942 |
_2lcc _cBK |
||
| 999 |
_c200429389 _d47313 |
||